02119agaaa2200265 45000010005000000030009000050050017000140070009000310080040000400400023000800410013001031000046001161300022001622450137001842500022003212600158003433000033005015080060005345110090005945201021006845380016017055460013017216500061017347000058017955204IT-RoPAU20220918181310.0d cvaizq50131s9999||||xx ||| | || ||und|| aIT-RoPAUcIT-RoPAU aITALIANO aStone OlivergCodice regista SPICS: 26925 aPERSONA NON GRATA aPERSONA NON GRATAcProdotto da: Sulichin Fernando Diretto da: Stone OliverpPERSONA NON GRATA (Rif. Codice opera principale : H5204) aEdizione Standard a(USA - FRA - SPA)bWILD BUNCH - RULE 8 - MORENA FILMS - IXTLANC - RULE 8 / Distribuzione: INTERNAZIONALEc"2003 (1° ed.: 2004 ; Ed. Lingua Orig.: 2003)" aDVDbsonoro, col.c67 minuti a"Fotografia: Prieto Rodrigo; Montaggio: Page Langdon; " a"Arafat Yasser; Barak Ehud; Netanyhau Benjamin; Peres Shimon; Stone Oliver; Yosef J." aMARZO 2002, NEL MOMENTO IN CUI LE DIPLOMAZIE ISRAELIANA E PALESTINESE SONOBLOCCATE DALL'ESCALATION DELLA VIOLENZA, OLIVER STONE E' SUL POSTO CON UNATROUPE PER INTERVISTARE I LEADER DELLE DUE PARTI IN CONFLITTO. PER 5 GIORNI VIAGGIA TRA GERUSALEMME, TEL AVIV E RAMALLAH, CAPITALE DELL'AUTORITA' PALESTINESE, DOCUMENTANDO LA VITA QUOTIDIANA SEGNATA DALLA VIOLENZA. CONSERVANDO LA SPERANZA DI UNA SOLUZIONE PACIFICA, IL FILM FA PARLARE I PROTAGONISTIDEL CONFLITTO. TRA GLI INTERVISTATI: GLI EX PRIMI MINISTRI PERES, BARAK E NETANYAHU, ALCUNI IMPORTANTI DIPLOMATICI, IL PORTAVOCE DELL'ALA POLITICA DIHAMAS E UN GRUPPO DI MEMBRI DELLE BRIGATE DEI MARTIRI DI AL AQSA. MA IL FILM E' ANCHE LA STORIA DI UN'INTERVISTA MANCATA: DOPO VARI GIORNI PASSATI A CERCARE DI PARLARE CON YASSER ARAFAT, QUANDO SEMBRA CHE POSSANO FINALMENTE INCONTRARLO, STONE E LA SUA TROUPE RIMANGONO COINVOLTI NELLA RAPPRESAGLIA ISRAELIANA A UN SANGUINOSO ATTENTATO PALESTINESE: L'ESERCITO CIRCONDA RAMALLAH E DISTRUGGE IL QUARTIER GENERALE DI ARAFAT. aPAL, STEREO aITALIANO aDOCUMENTARIOeDVD-VARI [DVD]xCodice MATERIA SPICS: 9946 aStone Oliver e(regista)gCodice regista SPICS: 26925